000 00530nam a2200169 4500
999 _c4199
_d4199
008 160827b xxu||||| |||| 00| 0 eng d
022 _a2094-8042
082 _aDPer 370.105 M72 Jan-Dec 2012 v. 60-61
100 _913835
_aCorpuz, Janette A.
243 _aThe modern teacher
245 _aFire safety in the home/
_cJanette A. Corpuz.
260 _aPhilippines:
_bIn the Grade School, Inc.,
_c©2012.
300 _apages 416+;
_c28 cm.
500 _aThe Modern Teacher
650 0 _918710
_aFires
_xSafety
942 _2ddc
_cPER